Pokazateli effektivnosti obščestvennogo proizvodstva

Enregistré dans:
Détails bibliographiques
Auteur principal: Satunovskij, Leon Michajlovič
Format: Livre
Langue:russe
Publié: Moskva Statistika 1980
Tags: Ajouter un tag
Pas de tags, Soyez le premier à ajouter un tag!

MARC

LEADER 00000nam a2200000 4500
001 c119105
005 20041019155213.2
041 0 |a rus 
044 |a RU 
245 1 0 |a Pokazateli effektivnosti obščestvennogo proizvodstva  |c Leon Michajlovič Satunovskij 
264 1 |a Moskva  |b Statistika  |c 1980 
300 |a 175 s. 
100 1 |a Satunovskij, Leon Michajlovič